Countries with Declining Populations - Statistics

General Stats
  • This quiz has been taken 40 times
  • The average score is 16 of 22
Answer Stats
Answer % Correct
Romania
85%
Ukraine
85%
Bulgaria
82%
Estonia
82%
Japan
82%
Latvia
82%
Lithuania
82%
Poland
82%
Albania
79%
Greece
79%
Hungary
79%
Serbia
79%
Moldova
77%
Bosnia and Herzegovina
74%
Italy
74%
Spain
74%
Croatia
72%
Portugal
72%
Andorra
67%
Georgia
54%
Syria
54%
Venezuela
26%
No matching quizzes found
Score Distribution
Percent of People with Each Score
Percentile by Number Answered
Your Score History
You have not taken this quiz